<?xml version="1.0" encoding="UTF-8"?>
<record
    xmlns:xsi="http://www.w3.org/2001/XMLSchema-instance"
    xsi:schemaLocation="http://www.loc.gov/MARC21/slim http://www.loc.gov/standards/marcxml/schema/MARC21slim.xsd"
    xmlns="http://www.loc.gov/MARC21/slim">

  <leader>01694nab a2200253uuc4500</leader>
  <controlfield tag="001">1389589</controlfield>
  <controlfield tag="005">20260123140329.0</controlfield>
  <controlfield tag="008">141024e20131205                    spa  </controlfield>
  <datafield tag="035" ind1=" " ind2=" ">
    <subfield code="a">1389589</subfield>
  </datafield>
  <datafield tag="040" ind1=" " ind2=" ">
    <subfield code="c">comduadb</subfield>
  </datafield>
  <datafield tag="041" ind1=" " ind2=" ">
    <subfield code="a">spa</subfield>
  </datafield>
  <datafield tag="100" ind1="1" ind2="0">
    <subfield code="a">Fraile Aranda, Antonio,</subfield>
    <subfield code="d">1956-</subfield>
    <subfield code="4">aut</subfield>
    <subfield code="e">aut</subfield>
    <subfield code="9">394748</subfield>
  </datafield>
  <datafield tag="245" ind1="1" ind2="0">
    <subfield code="a">Diferencias en autoconcepto f&#xED;sico en escolares de primaria y secundaria</subfield>
  </datafield>
  <datafield tag="520" ind1="3" ind2=" ">
    <subfield code="a">RESUMEN : El autoconcepto es la percepci&#xF3;n y opini&#xF3;n que tenemos de nosotros mismos. Se forma a partir de las experiencias y relaciones que establecemos con el medio, y en su configuraci&#xF3;n desempe&#xF1;an un papel muy destacado los refuerzos ambientales y de las personas significativas. Es muy importante conocer c&#xF3;mo es el autoconcepto de los alumnos de primaria y secundaria para, con la intervenci&#xF3;n docente, propiciar su desarrollo y estructurar una imagen ajustada de ellos mismos en estos periodos cr&#xED;ticos en la formaci&#xF3;n de este constructo. Analizamos la influencia de las variables sexo, edad, instituci&#xF3;n y pr&#xE1;ctica de actividad f&#xED;sica sobre el autoconcepto f&#xED;sico en alumnos de primaria y secundaria. Apreciamos la existencia de diferencias destacadas en funci&#xF3;n de estas variables.</subfield>
  </datafield>
  <datafield tag="650" ind1=" " ind2="7">
    <subfield code="a">Autopercepci&#xF3;n</subfield>
    <subfield code="2">lemb</subfield>
    <subfield code="9">39165</subfield>
  </datafield>
  <datafield tag="650" ind1=" " ind2=" ">
    <subfield code="a">Imagen personal</subfield>
    <subfield code="9">151788</subfield>
  </datafield>
  <datafield tag="650" ind1=" " ind2=" ">
    <subfield code="a">Constructos personales</subfield>
    <subfield code="9">125031</subfield>
  </datafield>
  <datafield tag="650" ind1=" " ind2="7">
    <subfield code="a">Autoestima en ni&#xF1;os</subfield>
    <subfield code="2">lemb</subfield>
    <subfield code="9">168218</subfield>
  </datafield>
  <datafield tag="650" ind1=" " ind2="7">
    <subfield code="a">Educaci&#xF3;n primaria</subfield>
    <subfield code="2">lemb</subfield>
    <subfield code="9">43723</subfield>
  </datafield>
  <datafield tag="650" ind1=" " ind2="7">
    <subfield code="a">Educaci&#xF3;n secundaria</subfield>
    <subfield code="2">lemb</subfield>
    <subfield code="9">1350</subfield>
  </datafield>
  <datafield tag="700" ind1="1" ind2="0">
    <subfield code="a">Catalina Sancho, Javier</subfield>
    <subfield code="4">aut</subfield>
    <subfield code="e">aut</subfield>
    <subfield code="9">707322</subfield>
  </datafield>
  <datafield tag="773" ind1="0" ind2=" ">
    <subfield code="t">L&#xFA;dica Pedag&#xF3;gica (Bogot&#xE1;)</subfield>
    <subfield code="g">Volumen 02, N&#xFA;mero 18, Enero-Diciembre 2013, p. 93-102</subfield>
    <subfield code="w">864307</subfield>
    <subfield code="x">0121-4128</subfield>
    <subfield code="0">312825</subfield>
  </datafield>
  <datafield tag="942" ind1=" " ind2=" ">
    <subfield code="c">ARIMP</subfield>
  </datafield>
  <datafield tag="999" ind1=" " ind2=" ">
    <subfield code="c">695976</subfield>
    <subfield code="d">695976</subfield>
  </datafield>
</record>
